| 000 | 00341nam a22001337a 4500 | ||
|---|---|---|---|
| 020 | _qHB. | ||
| 040 | _cFIZZA ISHAQ | ||
| 082 |
_a685.404 _bGAR |
||
| 100 |
_aOBERDENDER D, GAROLD. _985094 |
||
| 245 | _aPROJCT MANAGMENT ENGINERING AND CONSTRUCTION / | ||
| 260 |
_aNEW YORK : _bMC GROW HILL, _c2014. |
||
| 300 | _a420 P. ; | ||
| 942 |
_2ddc _cBK |
||
| 999 |
_c586878 _d586878 |
||